Cuatrocientos años de misión entre los araucanos

সংরক্ষণ করুন:
গ্রন্থ-পঞ্জীর বিবরন
প্রধান লেখক: Noggler, Albert (autor)
বিন্যাস: গ্রন্থ
ভাষা:স্প্যানিশ
প্রকাশিত: Temuco, Chile San Francisco 1972
বিষয়গুলি:
ট্যাগগুলো: ট্যাগ যুক্ত করুন
কোনো ট্যাগ নেই, প্রথমজন হিসাবে ট্যাগ করুন!

MARC

LEADER 00000nam a2200000 a 4500
001 UCO2100
003 CL-VaPUC
005 20221122074353.0
008 000602e19720000CL |||||||||||||||||spa|d
999 |c 288640  |d 288638 
040 |c Pontificia Universidad Católica de Valparaíso 
082 0 4 |a 983.004 NOG 1972  |2 21 
100 |a Noggler, Albert  |e autor  |9 444911 
245 1 0 |a Cuatrocientos años de misión entre los araucanos 
260 |a Temuco, Chile  |b San Francisco  |c 1972 
300 |a pag. irreg 
500 |a Donación Padres Capuchinos 
583 |a last modification  |c 20000602 00:00:00  |k Rodrigo Vera 
650 0 |a Historia de Chile  |9 265473 
650 0 |a Mapuches   |z CHILE  |9 392456 
650 7 |a MISIONES RELIGIOSAS  |2 CL-VaPUC  |9 393449  |z CHILE 
852 |a BIBCUR 
942 |c BK  |2 ddc 
945 |d 20000602 00:00:00  |a crobeson 
952 |0 0  |1 0  |2 ddc  |4 0  |6 983_004000000000000_NOG_1972  |7 0  |8 A  |9 336458  |a BIBHIS  |b BIBHIS  |d 2019-11-20  |i 1278614  |l 4  |o 983.004 NOG 1972  |p 1278614  |r 2025-01-20  |s 2021-07-29  |t 1  |w 2019-11-20  |y BK  |k HIS 
952 |0 0  |1 0  |2 ddc  |4 0  |6 983_004000000000000_NOG_1972  |7 0  |8 X  |9 336459  |a FDOBUD  |b FDOBUD  |d 2019-11-20  |i 4405382  |o 983.004 NOG 1972  |p 4405382  |r 2019-11-20  |t 2  |w 2019-11-20  |y BK_X  |k BUD